Top Scorers in the Top 6 European Leagues - 2010s - Statistics

General Stats
  • This quiz has been taken 99 times
  • The average score is 41 of 67
Answer Stats
Hint Answer % Correct
2018/19 Lionel Messi
98%
2017/18 Lionel Messi
98%
2016/17 Lionel Messi
98%
2012/13 Lionel Messi
98%
2011/12 Lionel Messi
98%
2009/10 Lionel Messi
98%
2018/19 Robert Lewandowski
98%
2017/18 Robert Lewandowski
98%
2015/16 Robert Lewandowski
98%
2013/14 Robert Lewandowski
98%
2014/15 Cristiano Ronaldo
96%
2013/14 Cristiano Ronaldo
96%
2010/11 Cristiano Ronaldo
96%
2016/17 Harry Kane
96%
2015/16 Harry Kane
96%
2018/19 Mohamed Salah
96%
2017/18 Mohamed Salah
96%
2018/19 Kylian Mbappe
94%
2013/14 Luis Suarez
92%
2015/16 Luis Suarez
92%
2018/19 Sadio Mane
92%
2018/19 Pierre-Emerick Aubameyang
85%
2016/17 Pierre-Emerick Aubameyang
85%
2014/15 Sergio Aguero
85%
2011/12 Zlatan Ibrahimovic
85%
2015/16 Zlatan Ibrahimovic
85%
2013/14 Zlatan Ibrahimovic
85%
2012/13 Zlatan Ibrahimovic
85%
2012/13 Edinson Cavani
81%
2017/18 Edinson Cavani
81%
2016/17 Edinson Cavani
81%
2012/13 Robin van Persie
78%
2011/12 Robin van Persie
78%
2009/10 Didier Drogba
73%
2010/11 Mario Gomez
67%
2010/11 Carlos Tevez
65%
2017/18 Ciro Immobile
61%
2013/14 Ciro Immobile
61%
2015/16 Gonzalo Higuain
60%
2011/12 Olivier Giroud
52%
2010/11 Dimitar Berbatov
49%
2009/10 Edin Dzeko
48%
2016/17 Edin Dzeko
48%
2014/15 Alexandre Lacazette
41%
2017/18 Mauro Icardi
39%
2014/15 Mauro Icardi
39%
2010/11 Antonio Di Natale
35%
2009/10 Antonio Di Natale
35%
2018/19 Fabio Quagliarella
35%
2014/15 Luca Toni
34%
2014/15 Jackson Martinez
27%
2013/14 Jackson Martinez
27%
2012/13 Jackson Martinez
27%
2012/13 Stefan Kießling
18%
2011/12 Klaas-Jan Huntelaar
15%
2014/15 Alexander Meier
12%
2017/18 Jonas
12%
2015/16 Jonas
12%
2016/17 Bas Dost
11%
2010/11 Hulk
11%
2011/12 Nene
7%
2011/12 Oscar Cardozo
6%
2009/10 Oscar Cardozo
6%
2018/19 Haris Seferovic
2%
2009/10 Mamadou Niang
2%
2010/11 Moussa Sow
1%
2011/12 Lima
0%
No matching quizzes found
Score Distribution
Percent of People with Each Score
Percentile by Number Answered
Your Score History
You have not taken this quiz